Library Banner

Green business (Record no. 43039)

MARC details
000 -LEADER
fixed length control field 00442nam a2200181Ia 4500
001 - CONTROL NUMBER
control field 45068
008 - FIXED-LENGTH DATA ELEMENTS--GENERAL INFORMATION
fixed length control field 140428s9999 xx 000 0 und d
020 ## - INTERNATIONAL STANDARD BOOK NUMBER
International Standard Book Number 9781405331555
040 ## - CATALOGING SOURCE
Transcribing agency PK-LaUMT
082 ## - DEWEY DECIMAL CLASSIFICATION NUMBER
Classification number 658.408
Item number ZEE-G
100 ## - MAIN ENTRY--PERSONAL NAME
Personal name Zee, Bibi Van Der
245 ## - TITLE STATEMENT
Title Green business
Statement of responsibility, etc Zee, Bibi Van Der
260 ## - PUBLICATION, DISTRIBUTION, ETC. (IMPRINT)
Place of publication, distribution, etc London,UK:
Name of publisher, distributor, etc DKPublishing Inc.,
Date of publication, distribution, etc 2008
300 ## - PHYSICAL DESCRIPTION
Extent 72 p.
546 ## - LANGUAGE NOTE
Language note EN
650 ## - SUBJECT ADDED ENTRY--TOPICAL TERM
Topical term or geographic name as entry element Business ethics
942 ## - ADDED ENTRY ELEMENTS (KOHA)
Koha item type Books
Holdings
Withdrawn status Lost status Damaged status Not for loan Home library Current library Date acquired Total Checkouts Full call number Barcode Date last seen Date checked out Price effective from Koha item type
        UMT Main Campus UMT Main Campus 2014-04-28 4 658.408 ZEE-G 48785 2022-12-06 2022-11-23 2014-05-06 Books